000 00586nam a22002297a 4500
003 UA-OsUOA
001 104271
007 ta
008 20131210b un ||||| |||| 00| 0 ukr d
100 _aПарыгин Б. Д.
090 _a159.9
_bП18
942 _cBK
040 _aUA-OsUOA
_brus
_cUA-OsUOA
_dUA-OsUOA
245 _aОсновы социально-психологической теории
300 _a348 с.
955 _a2
041 _arus
080 _a159.9
260 _aМ.
_bМысль
_c1971
650 7 _a159.9 Психологія
_2UDC
999 _c389537
_d389537